[Event "BL 9192 Bochum-Bayern"]
[Site "?"]
[Date "1991.??.??"]
[Round "?.2"]
[White "Glek, I."]
[Black "Yusupov, A."]
[Result "1/2-1/2"]
[WhiteElo "2530"]
[BlackElo "2625"]
[PlyCount "35"]
[EventDate "1991.??.??"]

1. e4 e6 2. d4 d5 3. Nd2 c5 4. Ngf3 Nc6 5. Bb5 cxd4 6. Nxd4 Bd7 7. Nxc6 Bxc6 8.
Bxc6+ bxc6 9. c4 Bc5 10. cxd5 cxd5 11. exd5 Qxd5 12. Qa4+ Qd7 13. Qxd7+ Kxd7
14. Ne4 Bb6 15. Bf4 Ne7 16. O-O-O+ Nd5 17. Nc3 Kc6 18. Nxd5 1/2-1/2

[Event "BL 9192 Bochum-Bayern"]
[Site "?"]
[Date "1991.??.??"]
[Round "?.3"]
[White "Ribli, Z."]
[Black "Schulz, KJ."]
[Result "1-0"]
[WhiteElo "2595"]
[BlackElo "2400"]
[PlyCount "57"]
[EventDate "1991.??.??"]

1. c4 Nf6 2. Nf3 g6 3. Nc3 Bg7 4. e4 d6 5. d4 O-O 6. Be2 e5 7. O-O Na6 8. Re1
c6 9. Rb1 exd4 10. Nxd4 Re8 11. f3 Nc7 12. Bf4 d5 13. exd5 cxd5 14. c5 Ne6 15.
Nxe6 Bxe6 16. Bb5 Bd7 17. Rxe8+ Qxe8 18. Bxd7 Qxd7 19. Be5 Qf5 20. Bd4 Re8 21.
Qa4 Re6 22. Qxa7 h5 23. Rd1 Qf4 24. Bf2 d4 25. Qa4 Ng4 26. fxg4 Be5 27. g3 Qf3
28. Bxd4 Rf6 29. Qe8+ 1-0

[Event "BL 9192 Bochum-Bayern"]
[Site "?"]
[Date "1991.??.??"]
[Round "?.4"]
[White "Backwinkel, P."]
[Black "Hertneck, G."]
[Result "0-1"]
[WhiteElo "2400"]
[BlackElo "2555"]
[PlyCount "78"]
[EventDate "1991.??.??"]

1. d4 d5 2. c3 Bf5 3. Qb3 b6 4. Bg5 h6 5. Bh4 Nf6 6. Bxf6 exf6 7. e3 Be7 8. Nd2
O-O 9. Ngf3 Qd7 10. c4 dxc4 11. Bxc4 Nc6 12. Be2 Be6 13. Qd1 Na5 14. O-O Rfd8
15. Ne4 c5 16. Qb1 Rab8 17. Rd1 c4 18. Ng3 f5 19. d5 Bxd5 20. Nxf5 Bf6 21. e4
Qe8 22. exd5 Qxe2 23. Rd2 Qe8 24. Qc2 Qb5 25. Rad1 Rbc8 26. d6 Rc5 27. Ne7+ Kh8
28. Nd5 Bxb2 29. Qf5 Rxd6 30. Qxf7 Rc8 31. Ne7 Rxd2 32. Nxd2 Qe8 33. Ng6+ Kh7
34. Qf5 Rc5 35. Nf8+ Kg8 36. Qh7+ Kxf8 37. Ne4 Rc6 38. h3 c3 39. Re1 Qd7 0-1

[Event "BL 9192 Bochum-Bayern"]
[Site "?"]
[Date "1991.??.??"]
[Round "?.6"]
[White "Sonntag, H."]
[Black "Kindermann, S."]
[Result "1-0"]
[WhiteElo "2370"]
[BlackElo "2500"]
[PlyCount "83"]
[EventDate "1991.??.??"]

1. d4 Nf6 2. Nf3 g6 3. Bf4 Bg7 4. e3 d6 5. h3 O-O 6. Be2 c5 7. c3 cxd4 8. exd4
Be6 9. O-O Qb6 10. Bc1 Nc6 11. Nbd2 Qc7 12. Nc4 a6 13. Bg5 Nd5 14. Ne3 b5 15.
Qd2 Rfe8 16. Nh2 Nxe3 17. Bxe3 Bf5 18. Bg4 Be4 19. Bf3 Bxf3 20. Nxf3 e5 21.
Rfd1 e4 22. Nh2 f5 23. Nf1 d5 24. Bf4 Qd8 25. Bg5 Qd7 26. h4 Nd8 27. Bxd8 Raxd8
28. a4 Qc7 29. axb5 axb5 30. Qe2 b4 31. cxb4 f4 32. Ra5 Qe7 33. h5 f3 34. gxf3
Qg5+ 35. Ng3 gxh5 36. fxe4 h4 37. Qh5 Qg6 38. Qxh4 Rb8 39. Rxd5 Rxb4 40. Rg5
Qe6 41. Nf5 Rb7 42. Qg4 1-0

[Event "BL 9192 Bochum-Bayern"]
[Site "?"]
[Date "1991.??.??"]
[Round "?.7"]
[White "Bischoff, K."]
[Black "Beckemeyer, W."]
[Result "1/2-1/2"]
[WhiteElo "2510"]
[BlackElo "2380"]
[PlyCount "91"]
[EventDate "1991.??.??"]

1. d4 Nf6 2. c4 d6 3. Nc3 Nbd7 4. e4 e5 5. d5 Be7 6. Be3 O-O 7. f3 c6 8. Qd2 a6
9. Nge2 cxd5 10. cxd5 b5 11. Nc1 Nb6 12. b4 Bd7 13. Nb3 Qb8 14. Na5 Rc8 15. Rc1
Bd8 16. Be2 Nc4 17. Nxc4 bxc4 18. Rb1 Bb6 19. Kf2 Qa7 20. Bxb6 Qxb6+ 21. Qe3
Qd8 22. Rhc1 Bb5 23. Kg1 Rab8 24. Rb2 Rb7 25. Rcb1 h6 26. a4 Be8 27. b5 a5 28.
Rc2 Nd7 29. Nd1 Nb6 30. Nb2 Rc5 31. Bxc4 Rbc7 32. Rbc1 Qc8 33. Qb3 f5 34. Bd3
fxe4 35. fxe4 Bg6 36. Nd1 Kh7 37. Ne3 Rxc2 38. Rxc2 Rc5 39. Nc4 Qc7 40. Nxb6
Qxb6 41. Rxc5 Qxc5+ 42. Kf1 Qc1+ 43. Kf2 Qd2+ 44. Kf1 Qc1+ 45. Kf2 Qd2+ 46. Kf1
1/2-1/2

[Event "BL 9192 Bochum-Bayern"]
[Site "?"]
[Date "1991.??.??"]
[Round "?.8"]
[White "Von Gleich, A."]
[Black "Stangl, M."]
[Result "1-0"]
[WhiteElo "2345"]
[BlackElo "2490"]
[PlyCount "79"]
[EventDate "1991.??.??"]

1. Nf3 g6 2. d4 Bg7 3. c4 d6 4. e4 Nf6 5. Nc3 O-O 6. Be2 e5 7. O-O Nc6 8. d5
Ne7 9. b4 Nh5 10. g3 f5 11. Ng5 Nf6 12. f3 h6 13. Ne6 Bxe6 14. dxe6 c6 15. Be3
Ne8 16. Qb3 Nc7 17. Rad1 Kh7 18. c5 d5 19. exd5 cxd5 20. Nxd5 Nexd5 21. Bc4 Qc8
22. Bxd5 Re8 23. b5 Rb8 24. Rf2 a6 25. a4 axb5 26. axb5 Nxe6 27. Bxe6 Rxe6 28.
Rfd2 Qe8 29. Rd7 f4 30. Bf2 h5 31. Qd5 fxg3 32. hxg3 Re7 33. c6 bxc6 34. bxc6
Rc8 35. Bc5 Re6 36. c7 Qg8 37. Rd8 Re8 38. Qxg8+ Rxg8 39. Rxg8 Rxc7 40. Bd6 1-0

[Event "BL 9192 München 36-Bochum"]
[Site "?"]
[Date "1991.??.??"]
[Round "?.2"]
[White "Smejkal, J."]
[Black "Glek, I."]
[Result "1-0"]
[WhiteElo "2555"]
[BlackElo "2530"]
[PlyCount "77"]
[EventDate "1991.??.??"]

1. Nf3 f5 2. g3 Nf6 3. Bg2 g6 4. b3 Bg7 5. Bb2 O-O 6. O-O d6 7. d4 Qe8 8. c4 h6
9. Nbd2 g5 10. e3 Nfd7 11. e4 f4 12. gxf4 Rxf4 13. Ne1 Nc6 14. Nd3 Rf8 15. e5
dxe5 16. Bxc6 bxc6 17. dxe5 Rf5 18. Qe2 Nf8 19. Ne4 Ne6 20. Ng3 Rf8 21. Qh5
Qxh5 22. Nxh5 c5 23. f4 Nd4 24. Nxc5 Ne2+ 25. Kg2 Nxf4+ 26. Nxf4 gxf4 27. Rae1
Rf5 28. h4 Bf8 29. Kf2 e6 30. Ne4 Bb7 31. Nf6+ Kf7 32. Rd1 Bc6 33. Bd4 Be7 34.
Rg1 Rd8 35. Kf1 Bxf6 36. exf6 e5 37. Rg7+ Kxf6 38. Rxc7 Rxd4 39. Rxc6+ 1-0

[Event "BL 9192 München 36-Bochum"]
[Site "?"]
[Date "1991.??.??"]
[Round "?.4"]
[White "Enders, P."]
[Black "Backwinkel, P."]
[Result "1-0"]
[WhiteElo "2475"]
[BlackElo "2400"]
[PlyCount "79"]
[EventDate "1991.??.??"]

1. e4 g6 2. d4 c6 3. Nc3 d5 4. Nf3 Bg7 5. h3 dxe4 6. Nxe4 Nh6 7. c3 Nf5 8. Bf4
O-O 9. Bd3 a5 10. O-O Na6 11. Re1 Nc7 12. Bh2 Nd5 13. a3 f6 14. Qe2 b6 15. Rad1
Bh6 16. c4 Nf4 17. Bxf4 Bxf4 18. Nc3 e6 19. Bxf5 exf5 20. d5 c5 21. d6 Bd7 22.
g3 Bh6 23. Nd5 Rf7 24. Qd3 Bf8 25. Ne7+ Kh8 26. Qc3 Bg7 27. Qe3 Qf8 28. h4 Bh6
29. Qc3 f4 30. b4 fxg3 31. fxg3 axb4 32. axb4 Bg7 33. Rd2 Ra4 34. bxc5 bxc5 35.
h5 gxh5 36. Rd5 Qa8 37. Rxh5 Bg4 38. Rxh7+ Kxh7 39. Qc2+ Kh6 40. Qg6# 1-0

[Event "BL 9192 Bayern-Bielefeld"]
[Site "?"]
[Date "1991.??.??"]
[Round "?.1"]
[White "Piskov, Y."]
[Black "Huebner, R."]
[Result "1/2-1/2"]
[WhiteElo "2465"]
[BlackElo "2615"]
[PlyCount "57"]
[EventDate "1991.??.??"]

1. d4 Nf6 2. c4 e6 3. Nf3 b6 4. e3 Bb7 5. Bd3 d5 6. Qa4+ c6 7. cxd5 exd5 8. Nc3
Be7 9. O-O O-O 10. Rd1 Nbd7 11. Ne5 Nxe5 12. dxe5 Nd7 13. Qc2 Nxe5 14. Bxh7+
Kh8 15. Bf5 g6 16. Bh3 Bc8 17. Bxc8 Qxc8 18. e4 Rd8 19. exd5 cxd5 20. Qe2 Qe6
21. Bf4 Bf6 22. Re1 Re8 23. Qd2 Rad8 24. Bxe5 Bxe5 25. f4 Bxc3 26. Qxc3+ d4 27.
Rxe6 dxc3 28. Rxe8+ Rxe8 29. bxc3 1/2-1/2

[Event "BL 9192 Bayern-Bielefeld"]
[Site "?"]
[Date "1991.??.??"]
[Round "?.2"]
[White "Yusupov, A."]
[Black "Gruen, G."]
[Result "1-0"]
[WhiteElo "2625"]
[BlackElo "2375"]
[PlyCount "63"]
[EventDate "1991.??.??"]

1. d4 Nf6 2. c4 e6 3. Nc3 Bb4 4. e3 c5 5. Bd3 Nc6 6. a3 Bxc3+ 7. bxc3 d6 8. Ne2
e5 9. O-O h5 10. e4 Qc7 11. h3 Bd7 12. f4 O-O-O 13. d5 Ne7 14. fxe5 dxe5 15.
Bg5 Qd6 16. Rb1 Kb8 17. a4 Rc8 18. a5 Nh7 19. Be3 f6 20. Qb3 Rc7 21. Qa3 Ng5
22. Rb2 Rhc8 23. Rfb1 Qa6 24. Nc1 Ng6 25. Nb3 Nf4 26. Nxc5 Rxc5 27. Bxc5 Nxd3
28. Rxb7+ Qxb7 29. Bd6+ Ka8 30. Rxb7 Kxb7 31. a6+ Ka8 32. Qb3 1-0

[Event "BL 9192 Bayern-Bielefeld"]
[Site "?"]
[Date "1991.??.??"]
[Round "?.3"]
[White "Panzer, P."]
[Black "Ribli, Z."]
[Result "1/2-1/2"]
[WhiteElo "2345"]
[BlackElo "2595"]
[PlyCount "44"]
[EventDate "1991.??.??"]

1. d4 Nf6 2. c4 e6 3. Nc3 Bb4 4. g3 c5 5. Nf3 cxd4 6. Nxd4 O-O 7. Bg2 d5 8.
cxd5 Nxd5 9. Bd2 Nxc3 10. bxc3 Be7 11. Rb1 a6 12. O-O Qc7 13. Qc2 Nd7 14. c4
Rb8 15. Bf4 e5 16. Nf5 Bc5 17. Be3 b6 18. Rfd1 Nf6 19. Bxc5 Qxc5 20. Ne3 Be6
21. Qa4 b5 22. cxb5 Rxb5 1/2-1/2

[Event "BL 9192 Bayern-Bielefeld"]
[Site "?"]
[Date "1991.??.??"]
[Round "?.4"]
[White "Hertneck, G."]
[Black "Kassebaum, R."]
[Result "1-0"]
[WhiteElo "2555"]
[BlackElo "2410"]
[PlyCount "103"]
[EventDate "1991.??.??"]

1. d4 Nf6 2. c4 g6 3. Nc3 Bg7 4. e4 d6 5. Nf3 O-O 6. Be2 e5 7. O-O Qe8 8. dxe5
dxe5 9. Be3 Na6 10. Nd2 c6 11. a3 Qe7 12. b4 Rd8 13. c5 Nc7 14. Bf3 Ne6 15. Ne2
h6 16. Qc2 Ng5 17. h3 Nfh7 18. Bg4 Ne6 19. Bxe6 Bxe6 20. Rad1 Qh4 21. Nf3 Qf6
22. Nd2 Ng5 23. f4 exf4 24. Nxf4 Qc3 25. Qxc3 Bxc3 26. Nxe6 Nxe6 27. Nc4 h5 28.
Kf2 Kf8 29. Na5 Rab8 30. Rxd8+ Nxd8 31. Bf4 Rc8 32. Ke3 b6 33. Nc4 Ne6 34. Be5
Bxe5 35. Nxe5 Rc7 36. cxb6 axb6 37. Nxg6+ Kg7 38. Ne5 c5 39. Rc1 Ra7 40. Nc4
Ra4 41. bxc5 Nxc5 42. Rc3 Nxe4 43. Kxe4 b5 44. Kd5 bxc4 45. Kc5 Kf6 46. Kb5 Ra8
47. a4 Rb8+ 48. Kxc4 Rb2 49. g3 Ra2 50. Kb4 Kg5 51. a5 f5 52. Rc4 1-0

[Event "BL 9192 Bayern-Bielefeld"]
[Site "?"]
[Date "1991.??.??"]
[Round "?.6"]
[White "Bischoff, K."]
[Black "Pohl Kuemmel, J."]
[Result "1-0"]
[WhiteElo "2510"]
[BlackElo "2245"]
[PlyCount "137"]
[EventDate "1991.??.??"]

1. d4 Nf6 2. c4 e6 3. Nc3 d5 4. cxd5 exd5 5. Bg5 Be7 6. e3 c6 7. Qc2 Nbd7 8.
Bd3 O-O 9. Nf3 Re8 10. h3 Nf8 11. O-O Ne4 12. Bf4 Nxc3 13. bxc3 Bd6 14. Bxd6
Qxd6 15. c4 dxc4 16. Bxc4 Qf6 17. Ne5 Be6 18. Rab1 Bxc4 19. Qxc4 Re7 20. Rb3
Rc8 21. Nd3 Rcc7 22. Rc1 h6 23. Rbc3 Nd7 24. Qb3 Nb6 25. Nb4 Rcd7 26. Rc5 Qe6
27. Qa3 Nd5 28. Nxd5 Rxd5 29. Rxd5 cxd5 30. Qxa7 Kh7 31. Qa3 Qd7 32. Qb3 Re6
33. Rc5 Rg6 34. Qc2 b6 35. Rc8 Qe6 36. Rb8 Qd6 37. Qc8 Rg5 38. h4 Rh5 39. g3
Qf6 40. Qg8+ Kg6 41. Qd8 Qf3 42. Qxb6+ Kf5 43. Qb1+ Kg4 44. Qf1 Rf5 45. Rb2 Rf6
46. a4 g5 47. hxg5 hxg5 48. Qe2 Qxe2 49. Rxe2 Kf3 50. Ra2 g4 51. a5 Ra6 52. Ra1
Ke2 53. Kg2 Kd3 54. Rh1 Ke2 55. Ra1 Kd3 56. Kf1 Kd2 57. Ra3 f5 58. Ra1 Kd3 59.
Kg2 Ke2 60. Rh1 Rxa5 61. Rh5 Ra2 62. Rxf5 Ke1 63. Rf4 Re2 64. Kg1 Rd2 65. e4
Rxd4 66. exd5 Rxd5 67. Rxg4 Ke2 68. Kg2 Re5 69. Rf4 1-0

[Event "BL 9192 Bayern-Bielefeld"]
[Site "?"]
[Date "1991.??.??"]
[Round "?.7"]
[White "Meier, V."]
[Black "Stangl, M."]
[Result "1/2-1/2"]
[WhiteElo "2260"]
[BlackElo "2490"]
[PlyCount "65"]
[EventDate "1991.??.??"]

1. e4 c5 2. Nf3 d6 3. d4 cxd4 4. Qxd4 Nc6 5. Bb5 Bd7 6. Bxc6 Bxc6 7. Nc3 Nf6 8.
Bg5 e6 9. O-O-O Be7 10. Rhe1 O-O 11. Qd2 Qc7 12. Nd4 Rfd8 13. f3 a6 14. g4 b5
15. Kb1 Rac8 16. Nce2 Be8 17. Ng3 Kh8 18. Nh5 Nxh5 19. gxh5 Bxg5 20. Qxg5 f6
21. Qg2 Qe7 22. h6 g6 23. Rd3 Bf7 24. Ne2 Qf8 25. Qh3 Rc5 26. Nf4 Qe7 27. Red1
Rc6 28. Qg3 Qf8 29. Qh3 Qe7 30. Qg3 Qf8 31. Qh3 Qe7 32. Ng2 Rc5 33. Nf4 1/2-1/2

[Event "BL 9192 Bayern-Bielefeld"]
[Site "?"]
[Date "1991.??.??"]
[Round "?.8"]
[White "Schlosser, P."]
[Black "Beilfuss, W."]
[Result "1-0"]
[WhiteElo "2485"]
[BlackElo "2220"]
[PlyCount "162"]
[EventDate "1991.??.??"]

1. c4 e6 2. g3 d5 3. Bg2 dxc4 4. Qa4+ Nd7 5. Qxc4 Ngf6 6. Nf3 c5 7. Qb3 Be7 8.
O-O O-O 9. Nc3 Nb6 10. d3 Nbd5 11. Ne5 Qc7 12. Nc4 Bd7 13. a4 Bc6 14. Nb5 Qd8
15. Ne5 Be8 16. Rd1 Qb8 17. Nc4 a6 18. Nc3 Qa7 19. a5 Rd8 20. Bg5 Nb4 21. Ne4
Bc6 22. Nxf6+ gxf6 23. Bh6 Rfe8 24. Rac1 Bxg2 25. Kxg2 Nc6 26. Be3 Nd4 27. Bxd4
Rxd4 28. Rc3 Bf8 29. Rdc1 Qb8 30. Qa4 Rc8 31. Rb3 Qc7 32. Rcc3 Rcd8 33. Rb6
R8d7 34. Qc2 Qd8 35. Kg1 R4d5 36. Nd2 f5 37. Nb3 Qe7 38. Kg2 h6 39. Rc4 Kg7 40.
Qc1 Kg8 41. Qf4 Kh7 42. Nd2 Rd4 43. Rxd4 Rxd4 44. Qb8 Rd7 45. Nc4 Kg7 46. Rb3
Rc7 47. Nb6 Kh7 48. Rc3 Bg7 49. Rc2 Rc6 50. Qf4 Qe8 51. h3 Kg8 52. Nc4 Qd7 53.
Rc1 Kh7 54. g4 fxg4 55. hxg4 Qd5+ 56. f3 Qg5 57. Kg3 Qxf4+ 58. Kxf4 Kg8 59. Ke4
Kf8 60. Rb1 Rc7 61. f4 Bf6 62. e3 Ke8 63. b4 cxb4 64. Rxb4 Be7 65. Rb1 Kf8 66.
Kf3 Bc5 67. f5 Kg7 68. Kf4 Rd7 69. Rb3 Be7 70. Ke4 Bh4 71. d4 Bg3 72. Rb1 Bh2
73. Kd3 Bg3 74. Nd2 Bd6 75. Nf3 Bb8 76. e4 Ba7 77. e5 Kh7 78. Ke4 Kg7 79. Rb4
Bb8 80. Ne1 Rc7 81. Nd3 Ba7 1-0

[Event "BL 9192 Hannover-Dortmund"]
[Site "?"]
[Date "1991.??.??"]
[Round "?.2"]
[White "Dankert, P."]
[Black "Razuvaev, Y."]
[Result "0-1"]
[WhiteElo "2230"]
[BlackElo "2590"]
[PlyCount "140"]
[EventDate "1991.??.??"]

1. d4 Nf6 2. c4 e6 3. Nf3 b6 4. a3 Ba6 5. Qc2 Bb7 6. Nc3 c5 7. dxc5 bxc5 8. Bf4
Nh5 9. Bg3 Be7 10. e3 O-O 11. Be2 f5 12. Bxb8 Rxb8 13. O-O Nf6 14. Rad1 a6 15.
Rd2 Ne4 16. Nxe4 fxe4 17. Ne5 d6 18. f4 Qe8 19. Ng4 Bc6 20. Qc3 h5 21. Nf2 Qg6
22. Nh3 Rb6 23. b4 Qf5 24. g4 hxg4 25. Nf2 cxb4 26. axb4 Qf6 27. Qa3 Rfb8 28.
c5 dxc5 29. bxc5 Bd5 30. Nxg4 Qh4 31. Qc3 Rc8 32. f5 Rxc5 33. Qd4 exf5 34. Rxf5
Rb1+ 35. Kg2 Be6 36. Rxc5 Bxg4 37. Qc4+ Kh8 38. Rc8+ Bxc8 39. Qxc8+ Kh7 40.
Qf5+ Kh6 41. Qe6+ g6 42. Rd5 Rb2 43. Kf1 Rb1+ 44. Kg2 Rb2 45. Kf1 Bf6 46. h3
Rb1+ 47. Kg2 Rb2 48. Kf1 Rb1+ 49. Kg2 Re1 50. Qg4 Qxg4+ 51. Bxg4 Rxe3 52. Ra5
Rd3 53. Rxa6 Rd2+ 54. Kf1 Bd4 55. Be2 Kg5 56. Rc6 Kf5 57. Rc1 Rb2 58. Rd1 Ba7
59. Rd7 Be3 60. Bg4+ Kf4 61. Rf7+ Kg3 62. Ke1 Bf4 63. Rf6 g5 64. Re6 e3 65. Kf1
Kh2 66. Re8 Rf2+ 67. Ke1 Kg2 68. Rd8 Bg3 69. Kd1 Kf1 70. Rd3 Bf4 0-1

[Event "BL 9192 Hannover-Dortmund"]
[Site "?"]
[Date "1991.??.??"]
[Round "?.7"]
[White "Luecke, N."]
[Black "Koelle, A."]
[Result "1-0"]
[WhiteElo "2390"]
[BlackElo "2240"]
[PlyCount "115"]
[EventDate "1991.??.??"]

1. e4 e6 2. d4 d5 3. Nd2 c5 4. exd5 exd5 5. Ngf3 Nf6 6. Bb5+ Bd7 7. Bxd7+ Nbxd7
8. dxc5 Nxc5 9. O-O Be7 10. Nd4 Qd7 11. N2f3 O-O 12. Ne5 Qc8 13. Bf4 a6 14. Re1
Re8 15. Nd3 Nce4 16. f3 Nc5 17. Rxe7 Rxe7 18. Bd6 Rc7 19. Nxc5 Rxc5 20. Bxc5
Qxc5 21. c3 Re8 22. Qd2 Qe7 23. Kf1 Kf8 24. Re1 Qxe1+ 25. Qxe1 Rxe1+ 26. Kxe1
g6 27. Nb3 b6 28. Ke2 Ke7 29. Nc1 Kd6 30. Nd3 Ne8 31. Ke3 Ng7 32. g4 f6 33. Nf4
Ke5 34. Ne2 h5 35. Nf4 hxg4 36. Nxg6+ Kf5 37. Ne7+ Ke6 38. Nc6 Nf5+ 39. Kf2
gxf3 40. Kxf3 Nd6 41. Kf4 Nc4 42. b3 Nd2 43. Nd4+ Kf7 44. Ne2 a5 45. h3 Ne4 46.
Ke3 Ke6 47. Kd4 Ng5 48. Nf4+ Kd6 49. a4 Nf3+ 50. Ke3 Ne5 51. h4 Ng4+ 52. Kd4
Nh6 53. Nxd5 Nf5+ 54. Ke4 Nxh4 55. Nxb6 Kc6 56. Nc4 f5+ 57. Kd3 f4 58. Nxa5+
1-0

[Event "BL 9192 HSK-Solingen"]
[Site "?"]
[Date "1991.??.??"]
[Round "?.1"]
[White "Short, N."]
[Black "Wahls, M."]
[Result "1-0"]
[WhiteElo "2660"]
[BlackElo "2560"]
[PlyCount "73"]
[EventDate "1991.??.??"]

1. e4 d6 2. Nc3 e5 3. Bc4 Be6 4. Bb3 Nc6 5. Nge2 g6 6. d4 Bxb3 7. axb3 Bg7 8.
d5 Nce7 9. O-O Nf6 10. Qd3 O-O 11. Ng3 a6 12. b4 c6 13. Bg5 Rc8 14. dxc6 Rxc6
15. Rfd1 h6 16. Bxf6 Bxf6 17. b5 axb5 18. Nxb5 Nc8 19. b3 Qb6 20. c4 Bh4 21.
Ra2 Bxg3 22. hxg3 Kg7 23. g4 Rd8 24. Ra8 Rd7 25. g3 Ne7 26. b4 Rc8 27. Rxc8
Nxc8 28. c5 Qa6 29. cxd6 Qa4 30. Rc1 Nb6 31. Rb1 Qa2 32. Kg2 Kg8 33. Rh1 Nc4
34. Nc3 Qb3 35. Rb1 Nb2 36. Qd2 Nc4 37. Qc1 1-0

[Event "BL 9192 HSK-Solingen"]
[Site "?"]
[Date "1991.??.??"]
[Round "?.3"]
[White "Lau, R."]
[Black "Brunner, L."]
[Result "1/2-1/2"]
[WhiteElo "2500"]
[BlackElo "2505"]
[PlyCount "87"]
[EventDate "1991.??.??"]

1. e4 e6 2. d4 d5 3. Nc3 Nf6 4. Bg5 dxe4 5. Nxe4 Be7 6. Bxf6 gxf6 7. Nf3 b6 8.
Bc4 Bb7 9. Qe2 Nd7 10. O-O-O c6 11. Rhe1 Qc7 12. Kb1 O-O-O 13. Ba6 Rhe8 14.
Bxb7+ Kxb7 15. g3 Nf8 16. Qe3 f5 17. Ned2 Bf6 18. Nc4 Ng6 19. Qh6 f4 20. Rd3
Ka8 21. Qh3 Rd5 22. Ncd2 Red8 23. c3 h5 24. Ne4 Bg7 25. c4 R5d7 26. Red1 fxg3
27. hxg3 h4 28. Neg5 hxg3 29. fxg3 c5 30. Qh7 Bxd4 31. Nxf7 Rxf7 32. Qxg6 e5
33. Nxe5 Rg7 34. Qe4+ Qb7 35. Qxb7+ Kxb7 36. b3 Re8 37. Nf3 Rxg3 38. Nxd4 Rxd3
39. Rxd3 Rd8 40. Kc2 cxd4 41. b4 Kc6 42. Kb3 a5 43. a3 axb4 44. axb4 1/2-1/2

[Event "BL 9192 HSK-Solingen"]
[Site "?"]
[Date "1991.??.??"]
[Round "?.4"]
[White "Mueller, Ka"]
[Black "Mohr, S."]
[Result "0-1"]
[WhiteElo "2425"]
[BlackElo "2465"]
[PlyCount "80"]
[EventDate "1991.??.??"]

1. e4 g6 2. d4 d6 3. Nc3 Bg7 4. Be3 c6 5. h3 b5 6. a3 Nd7 7. Nf3 Qc7 8. Be2
Ngf6 9. O-O O-O 10. Nh2 e5 11. dxe5 dxe5 12. Qc1 a6 13. Ng4 Bb7 14. Bg5 Nxg4
15. hxg4 Nc5 16. Re1 Ne6 17. Be3 Rfd8 18. f3 Nd4 19. Kf2 c5 20. Rh1 c4 21. Bd1
f6 22. Ne2 f5 23. gxf5 gxf5 24. exf5 Nxf5 25. c3 Rd3 26. Bc2 Nxe3 27. Bxd3 cxd3
28. Qxe3 dxe2 29. Kxe2 e4 30. fxe4 Qc4+ 31. Qd3 Bxe4 32. Qxc4+ bxc4 33. Rh4
Bd3+ 34. Kd2 Rb8 35. Ra2 Re8 36. Rg4 Re2+ 37. Kd1 Kf7 38. a4 Bxc3 39. bxc3 Rxa2
40. g3 Rxa4 0-1

[Event "BL 9192 HSK-Solingen"]
[Site "?"]
[Date "1991.??.??"]
[Round "?.5"]
[White "Reeh, O."]
[Black "Maus, So"]
[Result "1/2-1/2"]
[WhiteElo "2445"]
[BlackElo "2385"]
[PlyCount "86"]
[EventDate "1991.??.??"]

1. e4 Nf6 2. e5 Nd5 3. d4 d6 4. Nf3 dxe5 5. Nxe5 Nd7 6. Nf3 g6 7. c4 N5b6 8.
Nc3 c6 9. c5 Nd5 10. Nxd5 cxd5 11. Be2 Bg7 12. O-O O-O 13. Bf4 Nb8 14. b4 Nc6
15. b5 Nxd4 16. Nxd4 e5 17. Be3 exd4 18. Bxd4 Be6 19. Rc1 Qh4 20. Bxg7 Kxg7 21.
Qd2 Rfc8 22. c6 Rc7 23. cxb7 Rxb7 24. Rc5 Rd8 25. Rfc1 d4 26. Bd3 Rd5 27. a4
Rxc5 28. Rxc5 Qe7 29. Rc1 Rc7 30. Re1 Qd6 31. h4 h5 32. a5 Rc3 33. Bf1 Ra3 34.
Rd1 Ra2 35. Qxd4+ Qxd4 36. Rxd4 Rxa5 37. f3 Kf6 38. Rb4 Ke5 39. b6 axb6 40.
Rxb6 Ra4 41. g3 Bd5 42. f4+ Kd4 43. Ra6 Rxa6 1/2-1/2

[Event "BL 9192 HSK-Solingen"]
[Site "?"]
[Date "1991.??.??"]
[Round "?.6"]
[White "Michaelsen, N."]
[Black "Podzielny, K."]
[Result "1-0"]
[WhiteElo "2370"]
[BlackElo "2455"]
[PlyCount "67"]
[EventDate "1991.??.??"]

1. d4 Nf6 2. c4 g6 3. Nc3 Bg7 4. e4 d6 5. f4 O-O 6. Nf3 Bg4 7. Be3 Nc6 8. d5
Bxf3 9. Qxf3 Nb4 10. O-O-O Nd7 11. Kb1 c6 12. a3 Na6 13. e5 Qa5 14. h4 dxe5 15.
h5 exf4 16. Bd4 Nf6 17. g4 fxg3 18. hxg6 hxg6 19. Qxg3 Rfe8 20. Qh4 Nc5 21. Bg2
cxd5 22. Nxd5 Nce4 23. Bf3 Nd2+ 24. Rxd2 Qxd2 25. Nxf6+ exf6 26. Qh7+ Kf8 27.
Bc5+ Re7 28. Bxe7+ Kxe7 29. Qxg7 Qd3+ 30. Ka1 Qxf3 31. Re1+ Kd6 32. Qxf7 Kc5
33. Qe7+ Kd4 34. Qd6+ 1-0

[Event "BL 9192 HSK-Solingen"]
[Site "?"]
[Date "1991.??.??"]
[Round "?.7"]
[White "Schaefer, Ma"]
[Black "Wegner, H."]
[Result "1/2-1/2"]
[WhiteElo "2460"]
[BlackElo "2425"]
[PlyCount "61"]
[EventDate "1991.??.??"]

1. e4 e5 2. Nf3 Nc6 3. Bb5 a6 4. Ba4 Nf6 5. O-O Be7 6. Re1 b5 7. Bb3 O-O 8. d4
d6 9. c3 Bg4 10. d5 Na5 11. Bc2 c6 12. h3 Bc8 13. dxc6 Qc7 14. Nbd2 Qxc6 15.
Nf1 Be6 16. Ng3 Rfe8 17. Nh4 d5 18. Nhf5 Bf8 19. Qf3 Rac8 20. Bg5 Nxe4 21. Nxe4
dxe4 22. Bxe4 Qc7 23. Bf6 Bxf5 24. Qxf5 g6 25. Qf3 Nc4 26. Re2 Bg7 27. Bd5 Nb6
28. Bxg7 Kxg7 29. Bb3 Rcd8 30. Rae1 Nc4 31. Bxc4 1/2-1/2

[Event "BL 9192 HSK-Solingen"]
[Site "?"]
[Date "1991.??.??"]
[Round "?.8"]
[White "Reefschlaeger, H."]
[Black "Zysk, R."]
[Result "1/2-1/2"]
[WhiteElo "2400"]
[BlackElo "2400"]
[PlyCount "80"]
[EventDate "1991.??.??"]

1. e4 g6 2. d4 d6 3. Nc3 c6 4. a4 Bg7 5. Be3 Nf6 6. h3 O-O 7. g3 Nbd7 8. Bg2 e5
9. Nge2 exd4 10. Bxd4 Qe7 11. O-O Nc5 12. g4 Rd8 13. e5 Nfd7 14. exd6 Qxd6 15.
Bxg7 Qxd1 16. Rfxd1 Kxg7 17. b4 Ne6 18. b5 cxb5 19. axb5 Nb6 20. Ne4 Rxd1+ 21.
Rxd1 a6 22. bxa6 Rxa6 23. Nd6 Bd7 24. Nxb7 Ra2 25. Nd4 Nxd4 26. Rxd4 Rxc2 27.
Rd6 Rb2 28. Nc5 Bc8 29. Rc6 h5 30. Bf3 hxg4 31. hxg4 Rb4 32. Kh2 Kf8 33. Rd6
Ke7 34. Rc6 Bd7 35. Rc7 Kd6 36. Na6 Ra4 37. Ra7 Bxg4 38. Bxg4 Rxg4 39. Rxf7 Nd5
40. Nb8 Rf4 1/2-1/2

[Event "BL 9192 Dortmund-HSK"]
[Site "?"]
[Date "1991.??.??"]
[Round "?.1"]
[White "Wahls, M."]
[Black "Dolmatov, S."]
[Result "1/2-1/2"]
[WhiteElo "2560"]
[BlackElo "2605"]
[PlyCount "51"]
[EventDate "1991.??.??"]

1. e4 e6 2. d4 d5 3. Nd2 c5 4. exd5 exd5 5. Ngf3 cxd4 6. Nb3 Nc6 7. Nfxd4 Nf6
8. Be2 Be7 9. O-O O-O 10. Bf4 Ne4 11. c4 Bf6 12. Be3 dxc4 13. Bxc4 Ne5 14. Be2
Bd7 15. Rc1 Re8 16. Nb5 Nc6 17. Nc5 Nxc5 18. Rxc5 Re5 19. b3 Be6 20. Qxd8+ Rxd8
21. Rd1 Rxd1+ 22. Bxd1 Rxc5 23. Bxc5 b6 24. Bd6 Bd7 25. Bf3 a5 26. a4 1/2-1/2

[Event "BL 9192 Dortmund-HSK"]
[Site "?"]
[Date "1991.??.??"]
[Round "?.2"]
[White "Razuvaev, Y."]
[Black "Shirov, A."]
[Result "0-1"]
[WhiteElo "2590"]
[BlackElo "2610"]
[PlyCount "58"]
[EventDate "1991.??.??"]

1. d4 Nf6 2. c4 g6 3. Nc3 Bg7 4. e4 d6 5. f3 O-O 6. Be3 c5 7. dxc5 dxc5 8. Qxd8
Rxd8 9. Bxc5 Nc6 10. Rd1 Rxd1+ 11. Nxd1 Nd7 12. Ba3 a5 13. Ne3 Nb4 14. Nh3 Nc5
15. Nf2 e6 16. Be2 b6 17. Nfd1 Nxa2 18. Nc2 Ba6 19. Bxc5 bxc5 20. Na3 Nc1 21.
Nb5 Rb8 22. Bf1 a4 23. Kd2 Nb3+ 24. Kc2 Rd8 25. Nbc3 Rd2+ 26. Kb1 Na5 27. g3 a3
28. bxa3 Bxc4 29. f4 Bb3 0-1

[Event "BL 9192 Dortmund-HSK"]
[Site "?"]
[Date "1991.??.??"]
[Round "?.3"]
[White "Brunner, L."]
[Black "Schmittdiel, E."]
[Result "1/2-1/2"]
[WhiteElo "2505"]
[BlackElo "2490"]
[PlyCount "123"]
[EventDate "1991.??.??"]

1. Nf3 Nf6 2. g3 g6 3. c4 Bg7 4. Bg2 O-O 5. O-O c6 6. b3 Ne4 7. d4 a5 8. Bb2 d5
9. Nbd2 f5 10. Ne5 Be6 11. Ndf3 Nd7 12. Nxd7 Qxd7 13. Qc2 dxc4 14. bxc4 a4 15.
Rad1 a3 16. Ba1 Bf7 17. Nd2 Nxd2 18. Rxd2 Rfd8 19. Rfd1 Qc7 20. e4 fxe4 21.
Bxe4 Qa5 22. Qb1 Bxc4 23. Qxb7 Ra7 24. Qb1 Bd5 25. Qc2 Bxe4 26. Qxe4 Qd5 27.
Qe3 Bf6 28. h4 Rd6 29. Rb1 Re6 30. Qd3 Kg7 31. Rc2 Ra4 32. Re2 Rxe2 33. Qxe2
Ra5 34. Rc1 Rb5 35. Kh2 Kf7 36. Re1 Rb7 37. Rc1 Rb4 38. Re1 Rb7 39. Rc1 Rb6 40.
Re1 Rb4 41. Qe3 Ra4 42. Qe2 Rc4 43. Kg1 h5 44. Kh2 Ra4 45. Kg1 Ra8 46. Qc2 Rb8
47. Rc1 Kg7 48. Qe2 Kf7 49. Qc2 Qf3 50. Re1 Rb7 51. Qc1 Kg7 52. d5 cxd5 53. Qc6
Rb2 54. Bxb2 axb2 55. Qc2 Bd4 56. Rxe7+ Kf6 57. Rb7 Qxg3+ 58. Kf1 Qh3+ 59. Ke2
Qe6+ 60. Kd2 Be5 61. Qa4 Bc3+ 62. Kxc3 1/2-1/2